Menová, finančná a fiškálna stabilita - nová hospodárskopolitická trilema?

Vzťahy medzi menovou a finančnou stabilitou. Vzťah menovej a fiškálnej politiky. Vzťah fiškálnej a finančnej politiky.

Gespeichert in:
Bibliographische Detailangaben
1. Verfasser: Nemec, Marián
Format: Buchkapitel
Sprache:Slowakisch
Schlagworte:
Tags: Tag hinzufügen
Keine Tags, Fügen Sie das erste Tag hinzu!

MARC

LEADER 00000naa a2200000 4500
001 0250807
005 20260205071901.7
041 0 |a slo 
044 |a SK 
245 1 0 |a Menová, finančná a fiškálna stabilita - nová hospodárskopolitická trilema?  |c Marián Nemec 
520 |a Vzťahy medzi menovou a finančnou stabilitou. Vzťah menovej a fiškálnej politiky. Vzťah fiškálnej a finančnej politiky. 
610 2 0 |a stabilita finančná 
610 2 0 |a stabilita hospodárstva 
610 2 0 |a stabilita meny 
610 2 0 |a politika finančná 
610 2 0 |a politika fiškálna 
100 1 |a Nemec, Marián